Procedimientos de la administración financiera / José Pascual García
Descripción Física:
328 p. ; 24 cm
Colección:
Manuales
Materias:
Finances públiques -- Espanya
MARC
| LEADER | 00000nam a2200000Ia 4500 | ||
|---|---|---|---|
| 001 | 18169 | ||
| 008 | 160829s1990 xx 000 0 cat d | ||
| 080 | |a M-5-246 | ||
| 100 | |a Pascual García, José |9 423 | ||
| 245 | |a Procedimientos de la administración financiera / José Pascual García | ||
| 260 | |a Madrid : |b Escuela de Hacienda Pública, |c 1990 | ||
| 300 | |a 328 p. ; |c 24 cm | ||
| 490 | |a Manuales | ||
| 590 | |a Bibliografia | ||
| 650 | 0 | |a Finances públiques |z Espanya |9 18741 | |
| 901 | |a Arxiu | ||
| 942 | |n 1 | ||
| 952 | |0 0 |1 0 |4 0 |6 M5246 |7 1 |9 42724 |a Arxiu |b Arxiu |d 2016-12-01 |l 0 |o M-5-246 |p 18169 |r 2016-12-01 00:00:00 |w 2016-12-01 |y ARXIU | ||
| 999 | |c 45230 |d 45230 | ||